Twilight saga (Record no. 17534)
[ view plain ]
| 000 -LEADER | |
|---|---|
| fixed length control field | 01029nam a22002537a 4500 |
| 008 - FIXED-LENGTH DATA ELEMENTS--GENERAL INFORMATION | |
| fixed length control field | 120104s2012 xxu117 vleng d |
| 082 ## - DEWEY DECIMAL CLASSIFICATION NUMBER | |
| Edition number | 22 |
| Classification number | 791.43 |
| Item number | TWI |
| 245 ## - TITLE STATEMENT | |
| Title | Twilight saga |
| Medium | [videorecording]. |
| Name of part/section of a work | Breaking dawn, part 1 / |
| Statement of responsibility, etc | director, Bill Condon. |
| 260 ## - PUBLICATION, DISTRIBUTION, ETC. (IMPRINT) | |
| Place of publication, distribution, etc | [New York] : |
| Name of publisher, distributor, etc | Summit Entertainment, |
| Date of publication, distribution, etc | 2012. |
| 300 ## - PHYSICAL DESCRIPTION | |
| Extent | 1 videodisc (117 min.) : |
| Other physical details | sd., col. ; |
| Dimensions | 4 3/4 in. |
| 500 ## - GENERAL NOTE | |
| General note | Title from container. |
| 500 ## - GENERAL NOTE | |
| General note | Originally produced in 2011. |
| 500 ## - GENERAL NOTE | |
| General note | Release date: Feb. 11, 2012. |
| 500 ## - GENERAL NOTE | |
| General note | Special features: 6-part making-of documentary ; wedding <br/>video ; Jacob's destiny ; Edward fast forward and Jacob fast forward ; audio commentary. |
| 650 ## - SUBJECT ADDED ENTRY--TOPICAL TERM | |
| Topical term or geographic name as entry element | Vampires - |
| Form subdivision | Drama. |
| 9 (RLIN) | 33667 |
| 650 ## - SUBJECT ADDED ENTRY--TOPICAL TERM | |
| Topical term or geographic name as entry element | Werewolves - |
| Form subdivision | Drama. |
| 9 (RLIN) | 33668 |
| 650 ## - SUBJECT ADDED ENTRY--TOPICAL TERM | |
| Topical term or geographic name as entry element | Life on other planets - |
| Form subdivision | Drama. |
| 9 (RLIN) | 33669 |
| 700 ## - ADDED ENTRY--PERSONAL NAME | |
| Personal name | Condon, Bill. |
| 9 (RLIN) | 33670 |
| 700 ## - ADDED ENTRY--PERSONAL NAME | |
| Personal name | Stewart, Kristen. |
| 9 (RLIN) | 33671 |
| 700 ## - ADDED ENTRY--PERSONAL NAME | |
| Personal name | Pattinson, Robert. |
| 9 (RLIN) | 33672 |
| 700 ## - ADDED ENTRY--PERSONAL NAME | |
| Personal name | Lautner, Taylor. |
| 9 (RLIN) | 33673 |
| 710 ## - ADDED ENTRY--CORPORATE NAME | |
| Corporate name or jurisdiction name as entry element | Summit Entertainment. |
| 9 (RLIN) | 33674 |
| 942 ## - ADDED ENTRY ELEMENTS (KOHA) | |
| Source of classification or shelving scheme | Dewey Decimal Classification |
| Item type | CD | DVD - Movie (NB) |
| Withdrawn status | Lost status | Source of classification or shelving scheme | Damaged status | Not for loan | Koha collection | Location (home branch) | Sublocation or collection (holding branch) | Shelving location | Date acquired | Source of acquisition | Cost, normal purchase price | Invoice Number | Koha issues (times borrowed) | Koha full call number | Piece designation (barcode) | Koha date last seen | Koha date last borrowed | Cost, replacement price | Price effective from | Koha item type |
|---|---|---|---|---|---|---|---|---|---|---|---|---|---|---|---|---|---|---|---|---|
| Dewey Decimal Classification | Baccah | Central Library | Central Library | Second Floor | 18/09/2013 | Purchase | 159.00 | 18080 | 1 | 791.43 TWI | 000028875 | 26/09/2022 | 16/12/2013 | 198.75 | 18/09/2013 | CD | DVD - Movie (NB) |